| 000 | 00639nam a2200217Ia 4500 | ||
|---|---|---|---|
| 003 | OSt | ||
| 005 | 20230502105908.0 | ||
| 008 | 210423s2009 xx 000 0 und d | ||
| 020 | _a9788171945931 | ||
| 040 | _cAL | ||
| 041 | _aeng | ||
| 082 |
_a657.42 _223 _bKISR |
||
| 100 |
_aKISHORE (Ravi M). _995810 |
||
| 245 | _aTaxmanns problems and solutions on cost accounting and financial management. | ||
| 250 | _a6 | ||
| 260 |
_aNew Delhi _bTaxmann Publications Pvt Ltd _c2009 |
||
| 300 |
_a589 _bPB |
||
| 365 |
_b395 _cINR |
||
| 906 | _aaccounting ; cost ; financial ; management. ; problems ; solutions ; Taxmanns | ||
| 942 |
_2ddc _cBK |
||
| 999 |
_c161423 _d161423 |
||